[Event "Sportaccord WMG Blindfold w"]
[Site "Beijing CHN"]
[Date "2011.12.14"]
[Round "1"]
[White "Cmilyte, Viktorija"]
[Black "Hou, Yifan"]
[Result "1-0"]
[WhiteTitle "GM"]
[BlackTitle "GM"]
[WhiteElo "2503"]
[BlackElo "2578"]
[WhiteFideId "12801259"]
[BlackFideId "8602980"]
[EventDate "2011.12.14"]

1. d4 Nf6 2. c4 e6 3. Nf3 d5 4. Nc3 Bb4 5. cxd5 exd5 6. Bg5 h6 7. Bxf6 Qxf6 8.
Qb3 Qb6 9. a3 Ba5 10. Qc2 Bf5 11. Qd2 Qe6 12. b4 Bb6 13. e3 c6 14. Bd3 Nd7 15.
O-O Be4 16. Ne1 O-O 17. f3 Bg6 18. f4 Bxd3 19. Nxd3 Rfe8 20. Rae1 Qd6 21. Ne5 f6
22. Ng6 a5 23. Rb1 axb4 24. axb4 Qe6 25. Rf3 Qf5 26. Rg3 Nf8 27. Nh4 Qh5 28. Qf2
Ra3 29. Ne2 Ra2 30. Re1 Bxd4 31. Nf5 Ne6 32. Nexd4 Nxd4 33. Nxg7 Ne2+ 34. Rxe2
Qxe2 35. Nxe8+ Kf7 36. Nd6+ Kf8 37. Qxe2 Rxe2 38. Nxb7 Rb2 39. Na5 Rc2 40. Rg6
Kf7 41. Rxh6 Ke6 42. g4 Kf7 43. Rh7+ Kg6 44. Rc7 Re2 45. Nxc6 Re1+ 46. Kf2 Rh1
47. Kg2 Rb1 48. h4 1-0

[Event "Sportaccord WMG Blindfold w"]
[Site "Beijing CHN"]
[Date "2011.12.14"]
[Round "2"]
[White "Danielian, Elina"]
[Black "Ju, Wenjun"]
[Result "1/2-1/2"]
[WhiteTitle "GM"]
[BlackTitle "WGM"]
[WhiteElo "2497"]
[BlackElo "2543"]
[WhiteFideId "13300210"]
[BlackFideId "8603006"]
[EventDate "2011.12.14"]

1. d4 Nf6 2. Nf3 g6 3. Bg5 Bg7 4. Nbd2 O-O 5. e4 d6 6. c3 h6 7. Bh4 c5 8. dxc5
dxc5 9. Bc4 Nc6 10. Qc2 Nh5 11. O-O Qc7 12. Rfe1 Bg4 13. Bg3 Nxg3 14. hxg3 Rad8
15. Nf1 Bxf3 16. gxf3 Ne5 17. Qe2 g5 18. Kg2 e6 19. Ne3 Rd6 20. Red1 Rfd8 21.
Rxd6 Rxd6 22. Rd1 Qd8 23. Rxd6 Qxd6 24. Qc2 h5 25. Qa4 h4 26. Qc2 g4 27. f4 Nxc4
28. Nxc4 Qa6 29. Ne3 hxg3 30. fxg3 Qxa2 31. Nxg4 Qa6 32. Qd2 Qc6 33. Qd8+ Kh7
34. Qh4+ Kg8 35. Qd8+ Kh7 36. Qh4+ Kg8 37. Qd8+ 1/2-1/2

[Event "Sportaccord WMG Blindfold w"]
[Site "Beijing CHN"]
[Date "2011.12.14"]
[Round "2"]
[White "Harika, Dronavalli"]
[Black "Dembo, Yelena"]
[Result "1/2-1/2"]
[WhiteTitle "GM"]
[BlackTitle "IM"]
[WhiteElo "2512"]
[BlackElo "2468"]
[WhiteFideId "5015197"]
[BlackFideId "723916"]
[EventDate "2011.12.14"]

1. c4 g6 2. g3 Bg7 3. Bg2 d6 4. Nc3 e5 5. d3 f5 6. e4 Nf6 7. Nge2 O-O 8. O-O Nc6
9. Nd5 h6 10. h3 Be6 11. Be3 Nh5 12. Qd2 Kh7 13. exf5 gxf5 14. d4 exd4 15. Nxd4
Nxd4 16. Bxd4 c6 17. Rfe1 Bxd5 18. cxd5 c5 19. Bxg7 Nxg7 20. Re2 Qf6 21. Rae1
Rae8 22. Qf4 Rxe2 23. Rxe2 b5 24. Bf3 a5 25. b3 Rf7 26. Qd2 b4 27. Qd3 Kh8 28.
Kg2 Ra7 29. Qb5 Qd8 30. Re1 Rf7 31. Qa6 Qc7 32. Qa8+ Kh7 33. Qa6 Kh8 34. Qa8+
Kh7 35. Qa6 Kh8 1/2-1/2

[Event "Sportaccord WMG Blindfold w"]
[Site "Beijing CHN"]
[Date "2011.12.14"]
[Round "2"]
[White "Hou, Yifan"]
[Black "Paehtz, Elisabeth"]
[Result "1-0"]
[WhiteTitle "GM"]
[BlackTitle "IM"]
[WhiteElo "2578"]
[BlackElo "2457"]
[WhiteFideId "8602980"]
[BlackFideId "4641833"]
[EventDate "2011.12.14"]

1. e4 c5 2. Nf3 Nf6 3. Nc3 d5 4. exd5 Nxd5 5. Bb5+ Bd7 6. Qe2 Nb4 7. Bxd7+ Qxd7
8. d3 N8c6 9. a3 Nd5 10. Ne4 e6 11. c4 Nf6 12. Nxf6+ gxf6 13. Be3 Be7 14. O-O
O-O 15. Rad1 Kh8 16. d4 cxd4 17. Nxd4 Qc7 18. Nb5 Qe5 19. Rd7 a6 20. Nc3 Rab8
21. Qf3 Rfd8 22. Rfd1 Rxd7 23. Rxd7 f5 24. g3 Qf6 25. Qe2 Kg8 26. Bb6 Bf8 27.
Kg2 Bg7 28. Rd1 f4 29. Bc7 f3+ 30. Qxf3 Qxf3+ 31. Kxf3 Rc8 32. Rd7 Be5 33. Bd6
Bxd6 34. Rxd6 Ne5+ 35. Kf4 Nxc4 36. Rd7 b5 37. Ne4 Nxb2 38. Nd6 Rf8 39. Ra7 Nc4
40. Rxa6 Nxd6 41. Rxd6 Ra8 42. Rd3 Kg7 43. Ke5 Rc8 44. Rb3 Rc2 45. f4 Rxh2 46.
Kd6 Rc2 47. Rxb5 Rc3 48. a4 Ra3 49. a5 Kf6 50. Kc7 Rxg3 51. a6 Ra3 52. Kb7 Kg6
53. Rg5+ Kh6 54. a7 Rb3+ 55. Ka6 1-0

[Event "Sportaccord WMG Blindfold w"]
[Site "Beijing CHN"]
[Date "2011.12.14"]
[Round "2"]
[White "Socko, Monika"]
[Black "Muzychuk, Anna"]
[Result "1/2-1/2"]
[WhiteTitle "GM"]
[BlackTitle "IM"]
[WhiteElo "2479"]
[BlackElo "2562"]
[WhiteFideId "1106619"]
[BlackFideId "14111330"]
[EventDate "2011.12.14"]

1. d4 f5 2. c4 Nf6 3. Nc3 d6 4. Nf3 g6 5. g3 Bg7 6. Bg2 O-O 7. O-O e6 8. Qc2 Nc6
9. Rd1 Qe7 10. Be3 Nd8 11. Rac1 Nf7 12. c5 dxc5 13. dxc5 Ng4 14. Bd4 Bxd4 15.
Nxd4 c6 16. Nb3 e5 17. e3 Be6 18. Ne2 Rad8 19. Rxd8 Rxd8 20. Rd1 Nf6 21. Nc3 Kg7
22. Rxd8 Nxd8 23. Ne2 Qd7 24. Nec1 Bd5 25. Bxd5 Qxd5 26. Qd3 e4 27. Qxd5 Nxd5
28. a3 Nc3 29. bxc3 Ne6 30. Ne2 Kf6 31. Ned4 Nd8 32. Na5 Ke5 33. c4 g5 34. Kf1
f4 35. gxf4+ gxf4 36. Ke2 f3+ 37. Kd2 h5 38. Kc3 h4 39. Kb4 Kf6 40. Ndb3 Ke5 41.
Nd2 Kf5 42. Kc3 Ke5 43. Kb4 Kf5 44. Nab3 Ke5 45. Nd4 Nf7 46. a4 Ng5 47. a5 a6
48. Kc3 Nh3 49. N4xf3+ exf3 50. Nxf3+ Ke4 51. Nd2+ Kf5 52. f3 Ng5 53. f4 Ne6 54.
Nf3 Nxc5 55. Nxh4+ Ke4 56. Ng2 Kf3 57. Kd4 Nb3+ 58. Ke5 Nxa5 59. c5 Nb3 60. Kd6
Ke4 61. h4 a5 62. h5 a4 63. h6 a3 64. h7 a2 65. h8=Q a1=Q 66. Qe5+ Qxe5+ 67.
fxe5 Nxc5 68. Kxc5 Kxe5 69. Ne1 Ke4 70. Nc2 b5 71. Kb4 Kd3 72. Kc5 Kxc2 73. e4
Kc3 74. e5 b4 75. e6 b3 76. e7 b2 77. e8=Q b1=Q 78. Qe5+ Kc2 1/2-1/2

[Event "Sportaccord WMG Blindfold w"]
[Site "Beijing CHN"]
[Date "2011.12.15"]
[Round "3"]
[White "Cmilyte, Viktorija"]
[Black "Danielian, Elina"]
[Result "1-0"]
[WhiteTitle "GM"]
[BlackTitle "GM"]
[WhiteElo "2503"]
[BlackElo "2497"]
[WhiteFideId "12801259"]
[BlackFideId "13300210"]
[EventDate "2011.12.14"]

1. d4 d5 2. c4 c6 3. Nf3 Nf6 4. Nc3 e6 5. Bg5 Nbd7 6. e3 Qa5 7. cxd5 Nxd5 8. Rc1
Bb4 9. a3 Bxc3+ 10. bxc3 h6 11. Bh4 b6 12. Qd2 c5 13. e4 N5f6 14. Bd3 Ba6 15.
O-O cxd4 16. Bxa6 Qxa6 17. cxd4 O-O 18. Qe3 Rac8 19. Bxf6 Nxf6 20. Ne5 Qa4 21.
h3 Rfd8 22. Nf3 Rc2 23. Rxc2 Qxc2 24. Re1 Rc8 25. Qf4 Qc7 26. Ne5 Qc3 27. Qe3
Qxe3 28. Rxe3 Rc1+ 29. Kh2 Rd1 30. Nc6 a6 31. f3 g5 32. Rc3 Nh5 33. Rc2 Kg7 34.
a4 Ra1 35. Nd8 Rxa4 36. Rc7 Nf4 37. Nxf7 Rxd4 38. Nxg5+ Kg6 39. Nf7 Rd2 40. Ne5+
Kf6 41. Ng4+ Kg6 42. Kg3 Nd3 43. Rd7 a5 44. h4 h5 45. Rxd3 Rxd3 46. Ne5+ Kf6 47.
Nxd3 b5 48. Kf4 a4 49. g4 e5+ 50. Ke3 a3 51. Nb4 Ke6 52. gxh5 Kf6 53. f4 exf4+
54. Kxf4 Ke6 55. e5 1-0

[Event "Sportaccord WMG Blindfold w"]
[Site "Beijing CHN"]
[Date "2011.12.15"]
[Round "3"]
[White "Cramling, Pia"]
[Black "Hou, Yifan"]
[Result "0-1"]
[WhiteTitle "GM"]
[BlackTitle "GM"]
[WhiteElo "2495"]
[BlackElo "2578"]
[WhiteFideId "1700030"]
[BlackFideId "8602980"]
[EventDate "2011.12.14"]

1. d4 Nf6 2. Nf3 e6 3. c4 d5 4. Nc3 Bb4 5. Bg5 h6 6. Bxf6 Qxf6 7. Qb3 c5 8. cxd5
exd5 9. e3 O-O 10. dxc5 Bxc3+ 11. Qxc3 Qxc3+ 12. bxc3 Be6 13. Bb5 Rc8 14. Nd4
Rxc5 15. Kd2 a6 16. Be2 Nd7 17. Rhb1 Rc7 18. a4 Kf8 19. a5 Rac8 20. Ra3 Nc5 21.
Bd3 Bd7 22. Rb4 g6 23. Bc2 Ke7 24. Rb6 h5 25. h4 Be8 26. Rb4 Bd7 27. Rb6 Rd8 28.
Ra1 Be8 29. Rab1 Rd6 30. Rxd6 Kxd6 31. Rb6+ Ke7 32. Rb4 Bd7 33. Ne2 Bb5 34. Nf4
Rd7 35. f3 Kd6 36. Ke1 Kc6 37. Kd2 Rd8 38. Rb1 b6 39. axb6 Kxb6 40. Ne2 Kc7 41.
Nd4 Bc4 42. g4 Rh8 43. g5 Ra8 44. f4 Re8 45. Ra1 Rb8 46. Rb1 Rb6 47. Rxb6 Kxb6
48. f5 Ne4+ 49. Kc1 Bb5 50. fxg6 fxg6 51. Ne6 Be8 52. Nf4 Kc5 53. Kb2 a5 54. c4
Kxc4 55. Bb3+ Kc5 56. Bxd5 Nd6 57. e4 Kd4 58. Ba2 Nxe4 59. Bb1 Ke5 60. Nd3+ Kf5
61. Nc5 Bc6 62. Nb3 Kg4 63. Nxa5 Bd5 64. Nb3 Bxb3 65. Kxb3 Nd2+ 66. Kc3 Nxb1+ 0-1

[Event "Sportaccord WMG Blindfold w"]
[Site "Beijing CHN"]
[Date "2011.12.15"]
[Round "3"]
[White "Paehtz, Elisabeth"]
[Black "Socko, Monika"]
[Result "1/2-1/2"]
[WhiteTitle "IM"]
[BlackTitle "GM"]
[WhiteElo "2457"]
[BlackElo "2479"]
[WhiteFideId "4641833"]
[BlackFideId "1106619"]
[EventDate "2011.12.14"]

1. e4 e6 2. d4 d5 3. Nc3 Bb4 4. Ne2 dxe4 5. a3 Be7 6. Nxe4 Nf6 7. Qd3 Nbd7 8.
N2g3 O-O 9. Be2 c5 10. dxc5 Nxc5 11. Nxc5 Bxc5 12. O-O Qc7 13. Bg5 Be7 14. Bf3
h6 15. Be3 Bd7 16. Rfd1 a6 17. Qb3 Bc6 18. Bb6 Qc8 19. Be2 Nd5 20. Bd4 Nf4 21.
Bf1 Rd8 22. c4 b5 23. Qe3 Bg5 24. Qc3 Qb7 25. f3 bxc4 26. Bxc4 Rac8 27. b3 Bd5
28. Bxg7 Bxc4 29. bxc4 Nd5 30. Qb2 Qxb2 31. Bxb2 Rxc4 32. Ne4 Rc2 33. Bf6 Rb8
34. Be5 Rb3 35. Rdb1 Rxb1+ 36. Rxb1 Rc1+ 37. Rxc1 Bxc1 38. a4 f5 39. Nf6+ Nxf6
40. Bxf6 Kf7 41. Be5 Ke7 42. Kf2 Kd7 43. Ke2 Kc6 44. Kd3 Kd5 45. Bg7 e5 46. g4
e4+ 47. fxe4+ fxe4+ 48. Kc2 Bg5 49. h4 Bxh4 50. Bxh6 Bf2 51. Kd2 Ke5 52. Be3 Bh4
53. Kc3 Kd5 54. Kb3 Be7 55. Kc3 Bh4 56. Kb3 Be7 57. Kc3 Bh4 1/2-1/2

[Event "Sportaccord WMG Blindfold w"]
[Site "Beijing CHN"]
[Date "2011.12.15"]
[Round "4"]
[White "Ju, Wenjun"]
[Black "Cmilyte, Viktorija"]
[Result "0-1"]
[WhiteTitle "WGM"]
[BlackTitle "GM"]
[WhiteElo "2543"]
[BlackElo "2503"]
[WhiteFideId "8603006"]
[BlackFideId "12801259"]
[EventDate "2011.12.14"]

1. d4 Nf6 2. c4 e6 3. g3 c5 4. d5 exd5 5. cxd5 d6 6. Bg2 g6 7. Nc3 Bg7 8. Nf3
O-O 9. O-O a6 10. a4 Re8 11. Bf4 Nh5 12. Bg5 Qc7 13. Re1 Nd7 14. e4 c4 15. Rc1
Nc5 16. e5 Bg4 17. h3 Bxf3 18. Bxf3 Nd3 19. Re4 Rxe5 20. Rxe5 Bxe5 21. Rc2 Re8
22. Qd2 Qb6 23. Bxh5 gxh5 24. Kh2 Ne1 25. Be3 Qb3 26. Qxe1 Qxc2 27. Kg2 Bd4 28.
Nd1 Qe4+ 29. Kg1 h4 30. gxh4 Qxh4 31. Qf1 Be5 32. Nc3 Kh8 33. Kh1 Rg8 34. Bd2
Qh5 35. f4 Bd4 36. Kh2 Bg1+ 37. Kh1 Bd4 38. Kh2 h6 39. Ne4 Rg1 40. Qxc4 Rh1+ 41.
Kxh1 Qxh3# 0-1

[Event "Sportaccord WMG Blindfold w"]
[Site "Beijing CHN"]
[Date "2011.12.15"]
[Round "4"]
[White "Harika, Dronavalli"]
[Black "Danielian, Elina"]
[Result "1/2-1/2"]
[WhiteTitle "GM"]
[BlackTitle "GM"]
[WhiteElo "2512"]
[BlackElo "2497"]
[WhiteFideId "5015197"]
[BlackFideId "13300210"]
[EventDate "2011.12.14"]

1. Nf3 c5 2. g3 g6 3. Bg2 Bg7 4. O-O Nc6 5. c4 e5 6. Nc3 Nge7 7. a3 O-O 8. Rb1
a5 9. Ne1 d6 10. Nc2 Be6 11. Ne3 Rb8 12. d3 h6 13. Bd2 Kh7 14. Ned5 f5 15. b4
axb4 16. axb4 cxb4 17. Nb5 Qd7 18. Nb6 Qd8 19. Nd5 Qd7 20. Nb6 Qd8 21. Nd5 1/2-1/2

[Event "Sportaccord WMG Blindfold w"]
[Site "Beijing CHN"]
[Date "2011.12.15"]
[Round "4"]
[White "Socko, Monika"]
[Black "Skripchenko, Almira"]
[Result "1-0"]
[WhiteTitle "GM"]
[BlackTitle "IM"]
[WhiteElo "2479"]
[BlackElo "2468"]
[WhiteFideId "1106619"]
[BlackFideId "13900145"]
[EventDate "2011.12.14"]

1. d4 d6 2. Nf3 Bg4 3. e4 Nf6 4. Nc3 e6 5. Be2 Be7 6. O-O O-O 7. Be3 a6 8. a4
Nc6 9. Ne1 Bxe2 10. Qxe2 Re8 11. Rd1 h6 12. f4 Bf8 13. Nd3 Rb8 14. e5 Nd7 15.
Ne4 f5 16. Nc3 d5 17. Kh1 Ne7 18. Rg1 Kh8 19. Bf2 b6 20. Bh4 c5 21. Qh5 cxd4 22.
Ne2 g6 23. Qf3 Nc5 24. Nxd4 Qd7 25. g4 Bg7 26. Bxe7 Rxe7 27. gxf5 gxf5 28. Rg6
Rf8 29. Rdg1 Kh7 30. Qh5 Rg8 31. Nxc5 bxc5 32. Nxe6 Rxe6 33. Qxf5 Rxg6 34. Qxd7
Rxg1+ 35. Kxg1 Kh8 36. Kf1 1-0

[Event "Sportaccord WMG Blindfold w"]
[Site "Beijing CHN"]
[Date "2011.12.14"]
[Round "5"]
[White "Cmilyte, Viktorija"]
[Black "Harika, Dronavalli"]
[Result "1-0"]
[WhiteTitle "GM"]
[BlackTitle "GM"]
[WhiteElo "2503"]
[BlackElo "2512"]
[WhiteFideId "12801259"]
[BlackFideId "5015197"]
[EventDate "2011.12.14"]

1. Nf3 g6 2. c4 Bg7 3. g3 Nf6 4. Nc3 O-O 5. Bg2 d6 6. d4 Nc6 7. O-O Bg4 8. Be3
Qd7 9. Qd2 Bh3 10. Rad1 Bxg2 11. Kxg2 Rfe8 12. Bg5 Qf5 13. Bxf6 exf6 14. e4 Qd7
15. Qf4 Ne7 16. Rfe1 h6 17. h4 c6 18. e5 g5 19. hxg5 fxg5 20. Qc1 Ng6 21. Ne4
dxe5 22. Nxe5 Qc7 23. Nxg6 fxg6 24. d5 cxd5 25. cxd5 Qb6 26. d6 Rad8 27. Qc4+
Kh7 28. Nxg5+ hxg5 29. Rh1+ 1-0

[Event "Sportaccord WMG Blindfold w"]
[Site "Beijing CHN"]
[Date "2011.12.14"]
[Round "5"]
[White "Dzagnidze, Nana"]
[Black "Hou, Yifan"]
[Result "0-1"]
[WhiteTitle "GM"]
[BlackTitle "GM"]
[WhiteElo "2516"]
[BlackElo "2578"]
[WhiteFideId "13601903"]
[BlackFideId "8602980"]
[EventDate "2011.12.14"]

1. d4 e6 2. c4 d5 3. Nc3 Bb4 4. a3 Bxc3+ 5. bxc3 Nf6 6. e3 O-O 7. Bd3 c6 8. Nf3
b6 9. O-O Ba6 10. Qe2 Nbd7 11. Rd1 Rc8 12. a4 c5 13. Ba3 Re8 14. Ne5 cxd4 15.
cxd4 Qc7 16. cxd5 Bxd3 17. Nxd3 exd5 18. Rdc1 Qb7 19. a5 Rxc1+ 20. Bxc1 Qa6 21.
Bb2 bxa5 22. Nf4 Qd6 23. Qc2 Qb6 24. Bc1 Qxd4 25. Bb2 Qb4 26. Bd4 a6 27. f3 h6
28. Rb1 Qd6 29. Ra1 Ne5 30. Rxa5 Nc4 31. Ra1 Nxe3 32. Bxe3 Rxe3 33. Nd3 Qb6 34.
Qc5 Qe6 35. Qd4 Qe8 36. h3 Re6 37. Ra5 Rc6 38. Ra1 Rc4 39. Qb6 Qe2 40. Nf2 Rc2
41. Rf1 Rb2 42. Qc5 Qc2 43. Qxc2 Rxc2 44. Ra1 Rc6 45. Nd3 Rb6 46. Nc5 Kf8 47.
Nxa6 Rb5 48. Re1 g5 49. Re5 Nh5 50. Nc7 Rc5 51. Na6 Rc1+ 52. Kh2 Nf4 53. Nb4 d4
54. g3 d3 55. gxf4 d2 56. Rd5 d1=Q 57. Rxd1 Rxd1 58. fxg5 hxg5 59. Kg3 Kg7 60.
Nc2 Rd3 61. Ne1 Rc3 62. Ng2 f5 63. h4 g4 64. Ne1 Kg6 65. Kf4 Kh5 66. fxg4+ fxg4
67. Ng2 Rf3+ 68. Ke4 Rf2 0-1

[Event "Sportaccord WMG Blindfold w"]
[Site "Beijing CHN"]
[Date "2011.12.14"]
[Round "5"]
[White "Skripchenko, Almira"]
[Black "Muzychuk, Anna"]
[Result "0-1"]
[WhiteTitle "IM"]
[BlackTitle "IM"]
[WhiteElo "2468"]
[BlackElo "2562"]
[WhiteFideId "13900145"]
[BlackFideId "14111330"]
[EventDate "2011.12.14"]

1. e4 c5 2. Nf3 e6 3. c3 d5 4. exd5 Qxd5 5. d4 Nf6 6. Be2 Be7 7. O-O O-O 8. c4
Qd8 9. Nc3 cxd4 10. Nxd4 e5 11. Ndb5 Nc6 12. Be3 Bf5 13. Nd5 b6 14. a3 Qd7 15.
Nbc3 Rac8 16. b4 Rfd8 17. Nxf6+ Bxf6 18. Nd5 Qe6 19. Qb3 h6 20. a4 Be4 21. Rfd1
Nd4 22. Bxd4 exd4 23. Nxf6+ Qxf6 24. Bd3 Bxd3 25. Qxd3 Qd6 26. Rdb1 Rc7 27. a5
Rdc8 28. axb6 axb6 29. c5 bxc5 30. bxc5 Rxc5 31. Rd1 Rd5 32. h3 Rd8 33. Rd2 g6
34. Rad1 h5 35. h4 Qf6 36. g3 Kg7 37. Kg2 R8d6 38. Qf3 Rf5 39. Qe4 Rd8 40. Kg1
Re5 41. Qd3 Qc6 42. Rc2 Qf6 43. Rc4 Red5 44. Kg2 R8d6 45. Ra4 Rd8 46. Rc4 R8d7
47. Ra4 Rf5 48. Ra2 Qc6+ 49. Kg1 Rf3 50. Qa6 Qc5 51. Qa5 Qd6 52. Qa6 Qd5 53. Qa5
Qe4 54. Qa4 Rd5 55. Rad2 Rf6 56. Rxd4 Qf3 57. Rf4 Rxd1+ 0-1

[Event "Sportaccord WMG Blindfold w"]
[Site "Beijing CHN"]
[Date "2011.12.16"]
[Round "6"]
[White "Hou, Yifan"]
[Black "Ju, Wenjun"]
[Result "1-0"]
[WhiteTitle "GM"]
[BlackTitle "WGM"]
[WhiteElo "2578"]
[BlackElo "2543"]
[WhiteFideId "8602980"]
[BlackFideId "8603006"]
[EventDate "2011.12.14"]

1. e4 c5 2. Nf3 d6 3. d4 cxd4 4. Nxd4 Nf6 5. Nc3 a6 6. f4 e5 7. Nf3 Nbd7 8. a4
Be7 9. Bc4 exf4 10. Bxf4 Qb6 11. Bb3 O-O 12. a5 Qc5 13. Qe2 Ne5 14. Be3 Nxf3+
15. Qxf3 Qe5 16. O-O Be6 17. Bd5 Nxd5 18. exd5 Bg4 19. Qf2 Qh5 20. Bd4 Rae8 21.
Ra4 Qg6 22. Rb4 Bc8 23. Nd1 Bd8 24. Rb3 h5 25. h3 h4 26. Rf3 Bd7 27. c4 f5 28.
Ne3 Re4 29. Rf4 Rxf4 30. Qxf4 Bg5 31. Qf3 f4 32. Nd1 Re8 33. Nc3 Bd8 34. Ne2 Qe4
35. Qxf4 Qxf4 36. Nxf4 Bxa5 37. Nh5 Re7 38. Rf4 g5 39. Rf1 Be8 40. Nf6+ Kf7 41.
Ne4+ Kg8 42. Nxd6 Bg6 43. Rf6 Kh7 44. Re6 Rc7 45. b3 Bd2 46. Ne8 Bxe8 47. Rxe8
Kg6 48. Re6+ Kf5 49. Kf2 g4 50. Re5+ Kf4 51. Re2 Rf7 52. Rxd2 Ke4+ 53. Ke1 gxh3
54. gxh3 b5 55. d6 bxc4 56. bxc4 1-0

[Event "Sportaccord WMG Blindfold w"]
[Site "Beijing CHN"]
[Date "2011.12.16"]
[Round "6"]
[White "Harika, Dronavalli"]
[Black "Dzagnidze, Nana"]
[Result "0-1"]
[WhiteTitle "GM"]
[BlackTitle "GM"]
[WhiteElo "2512"]
[BlackElo "2516"]
[WhiteFideId "5015197"]
[BlackFideId "13601903"]
[EventDate "2011.12.14"]

1. c4 c5 2. g3 Nc6 3. Bg2 g6 4. Nc3 Bg7 5. Nf3 d6 6. O-O Bg4 7. h3 Bd7 8. e3 Nf6
9. d4 cxd4 10. exd4 O-O 11. b3 a6 12. Be3 b5 13. Rc1 bxc4 14. bxc4 Rb8 15. Re1
Rb4 16. d5 Na5 17. c5 Nc4 18. Bd4 Bf5 19. g4 Bc8 20. c6 e5 21. dxe6 fxe6 22.
Bxf6 Bxf6 23. Ne4 d5 24. Nxf6+ Qxf6 25. Qd4 Rb2 26. Rxc4 dxc4 27. Qxc4 Kh8 28.
g5 Qg7 29. h4 e5 30. Qc3 Rxa2 31. Qb3 Ra5 32. Qc3 Ra4 33. Rxe5 Raf4 34. c7 Bb7
35. Rc5 Qxc3 36. Rxc3 a5 37. Ne1 Bc8 38. Nf3 a4 39. Kh2 Rb4 40. Bh3 Rb3 41. Re3
Bxh3 42. Kxh3 Rxe3 0-1

[Event "Sportaccord WMG Blindfold w"]
[Site "Beijing CHN"]
[Date "2011.12.16"]
[Round "6"]
[White "Danielian, Elina"]
[Black "Paehtz, Elisabeth"]
[Result "0-1"]
[WhiteTitle "GM"]
[BlackTitle "IM"]
[WhiteElo "2497"]
[BlackElo "2457"]
[WhiteFideId "13300210"]
[BlackFideId "4641833"]
[EventDate "2011.12.14"]

1. d4 e6 2. Nf3 c5 3. e3 b6 4. c4 cxd4 5. exd4 Nf6 6. Bd3 Bb7 7. O-O Be7 8. Nc3
d6 9. Re1 O-O 10. d5 e5 11. a3 Nbd7 12. b4 Re8 13. Qc2 Rc8 14. Bd2 Bf8 15. Rac1
a6 16. Qb1 Qc7 17. Ng5 g6 18. h3 Bg7 19. Be3 Qb8 20. Bf1 h6 21. Nf3 Nh5 22. Nh4
Nhf6 23. Bd3 Qc7 24. Qc2 Qd8 25. Qd2 Kh7 26. Nf5 gxf5 27. Bxf5+ Kh8 28. Bxh6 Ng8
29. Bxg7+ Kxg7 30. Ne4 Qe7 31. Bxd7 Qxd7 32. Qg5+ Kh8 33. Qh5+ Kg7 34. Qg5+ Kh8
35. Qh4+ Kg7 36. Re3 Qd8 37. Rg3+ Kf8 38. Rxg8+ Kxg8 39. Qh6 Re6 40. dxe6 Bxe4
41. exf7+ Kxf7 42. Rd1 Bg6 43. Qe3 Rxc4 44. Qf3+ Rf4 45. Qb7+ Qe7 46. Qxb6 Rf6
47. Rc1 d5 48. Qb8 Rd6 49. Qc8 Rd7 50. Qxa6 d4 51. Rc6 Be4 52. Rc1 Qg5 53. Qc4+
Bd5 54. Qf1 Bxg2 55. h4 Bxf1+ 56. hxg5 Be2 57. f4 d3 58. g6+ Kxg6 59. Kf2 exf4
60. b5 d2 61. Rg1+ Bg4 62. Rxg4+ Kf5 63. Rg1 d1=Q 64. Rxd1 Rxd1 0-1

[Event "Sportaccord WMG Blindfold w"]
[Site "Beijing CHN"]
[Date "2011.12.16"]
[Round "6"]
[White "Dembo, Yelena"]
[Black "Muzychuk, Anna"]
[Result "1-0"]
[WhiteTitle "IM"]
[BlackTitle "IM"]
[WhiteElo "2468"]
[BlackElo "2562"]
[WhiteFideId "723916"]
[BlackFideId "14111330"]
[EventDate "2011.12.14"]

1. e4 c5 2. Nf3 Nc6 3. Bb5 Nf6 4. d3 Qc7 5. O-O e6 6. Nc3 Be7 7. Re1 a6 8. Bxc6
Qxc6 9. e5 Nd5 10. Nxd5 Qxd5 11. Ng5 h6 12. c4 Qc6 13. Qh5 g6 14. Qh3 d5 15. Nf3
b5 16. Bg5 Qc7 17. Bf6 Bxf6 18. exf6 dxc4 19. dxc4 Qf4 20. Ne5 Qxf6 21. Rad1 h5
22. Qe3 O-O 23. Qxc5 bxc4 24. Qxc4 Bb7 25. Qb3 Bd5 26. Qg3 Rfd8 27. b3 Rac8 28.
h4 Rc2 29. Rd4 Qe7 30. Nxg6 fxg6 31. Rxd5 Kh7 32. Rxd8 Qxd8 33. Rxe6 1-0

[Event "Sportaccord WMG Blindfold w"]
[Site "Beijing CHN"]
[Date "2011.12.16"]
[Round "6"]
[White "Cramling, Pia"]
[Black "Skripchenko, Almira"]
[Result "1-0"]
[WhiteTitle "GM"]
[BlackTitle "IM"]
[WhiteElo "2495"]
[BlackElo "2468"]
[WhiteFideId "1700030"]
[BlackFideId "13900145"]
[EventDate "2011.12.14"]

1. d4 d6 2. Nf3 g6 3. c4 Bg7 4. Nc3 Nf6 5. e4 O-O 6. h3 e5 7. d5 a5 8. Bg5 Na6
9. Be2 Qe8 10. g4 c6 11. Nd2 Bd7 12. h4 h6 13. Be3 Nh7 14. Nf1 f5 15. gxf5 gxf5
16. exf5 Bxf5 17. Rg1 Kh8 18. Ng3 Bg6 19. h5 Bf5 20. Qd2 Nb4 21. Nxf5 Rxf5 22.
a3 Na6 23. Ne4 Qf8 24. dxc6 bxc6 25. Qxd6 Qxd6 26. Nxd6 Rff8 27. Ne4 Nf6 28.
Nxf6 Rxf6 29. O-O-O Nc7 30. Rd7 Ne6 31. Bd3 Rg8 32. c5 Rgf8 33. Bc4 Ng5 34. Rgd1
Ne4 35. Rc7 1-0

[Event "Sportaccord WMG Blindfold w"]
[Site "Beijing CHN"]
[Date "2011.12.16"]
[Round "7"]
[White "Ju, Wenjun"]
[Black "Dembo, Yelena"]
[Result "0-1"]
[WhiteTitle "WGM"]
[BlackTitle "IM"]
[WhiteElo "2543"]
[BlackElo "2468"]
[WhiteFideId "8603006"]
[BlackFideId "723916"]
[EventDate "2011.12.14"]

1. d4 Nf6 2. c4 g6 3. g3 Bg7 4. Bg2 O-O 5. Nc3 d6 6. Nf3 Nc6 7. O-O Bf5 8. Ne1
Qd7 9. e4 Bh3 10. Nc2 Bxg2 11. Kxg2 e5 12. d5 Ne7 13. f3 Nh5 14. Be3 f5 15. c5
Kh8 16. Nb4 Nf6 17. Qe2 a5 18. Nc2 f4 19. Bf2 g5 20. cxd6 cxd6 21. Qb5 Qc8 22.
gxf4 gxf4 23. Bh4 Rg8 24. Kh1 Qh3 25. Bxf6 Bxf6 26. Qe2 Ng6 27. Qg2 Qxg2+ 28.
Kxg2 Nh4+ 29. Kh3 Rg6 30. Rg1 Rh6 31. Nb5 Nxf3+ 32. Kg2 Nxg1 33. Kxg1 Rg8+ 34.
Kh1 Bd8 35. Nca3 Bb6 36. Nc4 Bc5 37. Nd2 Rh3 38. Rf1 Rd3 39. Nc4 Rg6 40. Nxa5
Rh6 41. Nc4 Rdh3 42. Kg2 Rxh2+ 43. Kf3 Rg6 0-1